00387nam a2200121Ia 4500008004100000082002000041100001900061245003300080260006500113300001000178630001800188650005900206211109s9999||||xx |||||||||||||| ||und|| a891.433 bPAN-B aPandya, Mrinal 0aBejooli Choiki Darin Ki Kadi bGovt Of India Central Hindi DirectaThiruvananthapuramc1990 a217p. xGENERAL STACK aHindi LiteraturevHindi FictionxHindi NovelsGeneralia